00137 a2200061 4500100002800000245003400028260001300062 aBrig (R) Mumtaz Hussain aLet Us Have Mercy on Pakistan aPaiistan